01933nam a2200373 i 4500001001300000008004100013020001800054020002600072041001300098050002500111100002900136245023300165246011700398250003300515260006900548300001900617490003900636533012300675650002100798700002800819700002600847830004000873856007300913880002900986880020401015880010101219880003401320880006301354880003601417880002601453880002601479880003701505999001701542P20220530031220825s2021 ch a s 000 0 chi d a9789860657296 a9789860669879q(EPUB)1 achihjpn 4aBJ1588.C5bK386 20211 6880-01aKatō, Taizō.106880-02aWei he wo men zong shi ru ci bu an?h[electronic resource] :bmo ming kong huang, rong yi jiao zao, que fa zi xin? Yi ben que fa an quan gan de ren du zai kan de shu! /cJiateng Disan zuo ; Cheng Lanting, Gao Shuzhen yi.306880-03aMo ming kong huang, rong yi jiao zao, que fa zi xin? Yi ben que fa an quan gan de ren du zai kan de shu! 6880-04aEr ban, Ai cang ban. 6880-05aXinbei Shi :bFang zhou wen hua, yuan zu wen hua,c2021. a269 p. :bill.1 6880-06aXin ling fang zhou ;v4004 aElectronic reproduction.bNew Taipei City :cAiriti.nSystem requirements: iRead eBook.nAvailable via World Wide Web. 0aConduct of life.1 6880-07aCheng, Lanting.1 6880-08aGao, Shuzhen. 06880-09aXin ling fang zhou ;v4004.40uhttps://www.airitibooks.com/Detail/Detail?PublicationID=P202205300311 6100-01/1a加藤諦三.106245-02/1a為何我們總是如此不安?h[electronic resource] :b莫名恐慌, 容易焦躁, 缺乏自信?一本缺乏安全感的人都在看的書! /c加藤諦三作 ; 程蘭婷, 高淑珍譯.306246-03/1a莫名恐慌, 容易焦躁, 缺乏自信? 一本缺乏安全感的人都在看的書! 6250-04/1a二版, 愛藏版. 6260-05/1a新北市 :b方舟文化, 遠足文化,c2021.1 6490-06/1a心靈方舟 ;v40041 6700-07/1a程蘭婷.1 6700-08/1a高淑珍. 06830-09/1a心靈方舟 ;v4004. c41488d41488